|
|
|
|
| LEADER |
00000nab a2200000 a 4500 |
| 001 |
vtls011103916 |
| 003 |
SK-MaSNL |
| 005 |
20260303150209.0 |
| 008 |
230222|2002 xo |||||||||||||||||slo| |
| 015 |
|
|
|a SNBRB
|
| 035 |
|
|
|a (uuid)2d566dc4-2f11-4c3a-a2b9-74050ef35cb5
|
| 035 |
|
|
|a (urnnbn)urn:nbn:sk:snk:ar-a08500
|
| 035 |
|
|
|a urn:nbn:sk:snk-ab9ahp
|
| 040 |
|
|
|a SNKBUCL
|b slo
|c SNKBUCL
|e AACR2
|
| 041 |
0 |
|
|a slo
|
| 044 |
|
|
|a xo
|c SK
|
| 100 |
1 |
|
|a Minárik, Erich,
|d 1924-2007
|4 aut
|9 133034
|
| 245 |
1 |
0 |
|a Význam enzýmov pri výrobe vína
|c Erich Minárik
|
| 773 |
0 |
|
|t Vinič a víno : odborný časopis pre vinohradníkov a vinárov
|g Roč. 2, č. 6 (2002), s. [132g]-[132h]
|
| 954 |
|
|
|a odborná, vedecká literatúra pôvodná (slovenská)
|2 lita
|
| 958 |
|
|
|a OND
|
| 958 |
|
|
|a EUIPO
|
| 958 |
|
|
|a article13
|
| 999 |
|
|
|c 2008682
|d 2010612
|